000 01362nam a2200349 i 4500
003 OSt
005 20231101155826.0
008 231029t20222022it a jr 000 0 eng d
020 _a9788854419193
_cRM 88.50
_qhardback
040 _aPPAK
_beng
_cPPAK
_erda
082 0 4 _a398.2
_223
090 0 0 _a398.2
_bORS
_dK
100 1 _aOrsi, Tea,
_eauthor.
245 1 4 _aThe GREAT BOOK OF FOREST LEGENDS /
_cTEXT BY TEA ORSI ; ILLUSTRATIONS BY ANNA LANG ; Translation : Inga Sempel ; Editing : Abby Young.
246 3 3 _aGreat Book of Forest Legend
264 1 _aMilan, Italy :
_bWhite Star Kids,
_c2022
264 4 _c©2022
300 _a61 pages :
_bcolour illustrations ;
_c30 cm
336 _atext
_2rdacontent
336 _astill image
_2rdacontent
337 _aunmediated
_2rdamedia
338 _avolume
_2rdacarrier
520 _aA selection of charming and magical creatures of the forest: after a short presentation of each different creature, there are entertaining folklore stories and legends gathered from all around the world.
521 _aAges: 7 plus
650 1 0 _aMythology
_vJuvenile literature.
650 0 _aMyths
_vJuvenile literature.
655 7 _aPicture books.
_2lcgft
700 1 _aLang, Anna,
_eillustrator
700 1 _aSempel, Inga,
_etranslator.
700 1 _aYoung, Abby,
_eeditor.
942 _2ddc
_cB
999 _c193470
_d193470